<?xml version="1.0" encoding="UTF-8"?>
<record
    xmlns:xsi="http://www.w3.org/2001/XMLSchema-instance"
    xsi:schemaLocation="http://www.loc.gov/MARC21/slim http://www.loc.gov/standards/marcxml/schema/MARC21slim.xsd"
    xmlns="http://www.loc.gov/MARC21/slim">

  <leader>00690nam a22002297a 4500</leader>
  <controlfield tag="005">20250916145005.0</controlfield>
  <controlfield tag="008">201117b           ||||| |||| 00| 0 eng d</controlfield>
  <datafield tag="020" ind1=" " ind2=" ">
    <subfield code="a">9781732492264</subfield>
  </datafield>
  <datafield tag="040" ind1=" " ind2=" ">
    <subfield code="a">NLN</subfield>
    <subfield code="b">English</subfield>
  </datafield>
  <datafield tag="050" ind1=" " ind2=" ">
    <subfield code="a">DT515.83.J76</subfield>
    <subfield code="b">A3</subfield>
  </datafield>
  <datafield tag="082" ind1=" " ind2=" ">
    <subfield code="a">923.2</subfield>
  </datafield>
  <datafield tag="100" ind1=" " ind2=" ">
    <subfield code="a">JONATHAN, Goodluck E.</subfield>
    <subfield code="e">aut</subfield>
    <subfield code="9">19167</subfield>
  </datafield>
  <datafield tag="245" ind1=" " ind2=" ">
    <subfield code="a">My transition hours  /</subfield>
    <subfield code="c">Goodluck Ebele Jonathan</subfield>
  </datafield>
  <datafield tag="260" ind1=" " ind2=" ">
    <subfield code="a">Newyork, U.S.A :</subfield>
    <subfield code="b">Ezekiel Books,</subfield>
    <subfield code="c">2018</subfield>
  </datafield>
  <datafield tag="300" ind1=" " ind2=" ">
    <subfield code="a">vii , 194p. :</subfield>
    <subfield code="b">col. ill. , ports. ; 24cm</subfield>
  </datafield>
  <datafield tag="500" ind1=" " ind2=" ">
    <subfield code="a">Bibliography : p. 181-186</subfield>
  </datafield>
  <datafield tag="563" ind1=" " ind2=" ">
    <subfield code="a">(pbk)</subfield>
  </datafield>
  <datafield tag="650" ind1=" " ind2=" ">
    <subfield code="a">Jonathan Goodluck Ebele 1957-</subfield>
    <subfield code="9">10195</subfield>
  </datafield>
  <datafield tag="650" ind1=" " ind2=" ">
    <subfield code="a">NIgeria</subfield>
    <subfield code="x">Politics and government</subfield>
    <subfield code="9">31513</subfield>
  </datafield>
  <datafield tag="700" ind1=" " ind2=" ">
    <subfield code="e">aut</subfield>
  </datafield>
  <datafield tag="942" ind1=" " ind2=" ">
    <subfield code="c">BK</subfield>
    <subfield code="n">0</subfield>
  </datafield>
  <datafield tag="999" ind1=" " ind2=" ">
    <subfield code="c">3786</subfield>
    <subfield code="d">3786</subfield>
  </datafield>
  <datafield tag="952" ind1=" " ind2=" ">
    <subfield code="0">0</subfield>
    <subfield code="1">0</subfield>
    <subfield code="2">lcc</subfield>
    <subfield code="4">0</subfield>
    <subfield code="7">0</subfield>
    <subfield code="a">CALIM</subfield>
    <subfield code="b">MAIN</subfield>
    <subfield code="d">2020-10-06</subfield>
    <subfield code="i">5084990</subfield>
    <subfield code="l">0</subfield>
    <subfield code="o">DT515.83.J76 A3</subfield>
    <subfield code="p">2020-5226</subfield>
    <subfield code="r">2020-10-06 00:00:00</subfield>
    <subfield code="y">BK</subfield>
  </datafield>
  <datafield tag="952" ind1=" " ind2=" ">
    <subfield code="0">0</subfield>
    <subfield code="1">0</subfield>
    <subfield code="2">lcc</subfield>
    <subfield code="4">0</subfield>
    <subfield code="7">0</subfield>
    <subfield code="a">ABJ</subfield>
    <subfield code="b">MAIN</subfield>
    <subfield code="d">2020-11-17</subfield>
    <subfield code="i">5084968</subfield>
    <subfield code="l">0</subfield>
    <subfield code="o">DT515.83.J76 A3</subfield>
    <subfield code="p">2020-8478</subfield>
    <subfield code="r">2020-11-17 00:00:00</subfield>
    <subfield code="w">2020-11-17</subfield>
    <subfield code="y">BK</subfield>
  </datafield>
  <datafield tag="952" ind1=" " ind2=" ">
    <subfield code="0">0</subfield>
    <subfield code="1">0</subfield>
    <subfield code="2">lcc</subfield>
    <subfield code="4">0</subfield>
    <subfield code="7">0</subfield>
    <subfield code="a">ABE</subfield>
    <subfield code="b">MAIN</subfield>
    <subfield code="d">2020-11-17</subfield>
    <subfield code="i">5084979</subfield>
    <subfield code="l">0</subfield>
    <subfield code="o">DT515.83.J76 A3</subfield>
    <subfield code="p">2020-8482</subfield>
    <subfield code="r">2020-11-17 00:00:00</subfield>
    <subfield code="w">2020-11-17</subfield>
    <subfield code="y">BK</subfield>
  </datafield>
  <datafield tag="952" ind1=" " ind2=" ">
    <subfield code="0">0</subfield>
    <subfield code="1">0</subfield>
    <subfield code="2">lcc</subfield>
    <subfield code="4">0</subfield>
    <subfield code="7">0</subfield>
    <subfield code="a">AKU</subfield>
    <subfield code="b">MAIN</subfield>
    <subfield code="d">2020-11-17</subfield>
    <subfield code="i">5084980</subfield>
    <subfield code="l">0</subfield>
    <subfield code="o">DT515.83.J76 A3</subfield>
    <subfield code="p">2020-8485</subfield>
    <subfield code="r">2020-11-17 00:00:00</subfield>
    <subfield code="w">2020-11-17</subfield>
    <subfield code="y">BK</subfield>
  </datafield>
  <datafield tag="952" ind1=" " ind2=" ">
    <subfield code="0">0</subfield>
    <subfield code="1">0</subfield>
    <subfield code="2">lcc</subfield>
    <subfield code="4">0</subfield>
    <subfield code="7">0</subfield>
    <subfield code="a">AWK</subfield>
    <subfield code="b">MAIN</subfield>
    <subfield code="d">2020-11-17</subfield>
    <subfield code="i">5084991</subfield>
    <subfield code="l">0</subfield>
    <subfield code="o">DT515.83.J76 A3</subfield>
    <subfield code="p">2020-8488</subfield>
    <subfield code="r">2020-11-17 00:00:00</subfield>
    <subfield code="w">2020-11-17</subfield>
    <subfield code="y">BK</subfield>
  </datafield>
  <datafield tag="952" ind1=" " ind2=" ">
    <subfield code="0">0</subfield>
    <subfield code="1">0</subfield>
    <subfield code="2">lcc</subfield>
    <subfield code="4">0</subfield>
    <subfield code="7">0</subfield>
    <subfield code="a">BAU</subfield>
    <subfield code="b">MAIN</subfield>
    <subfield code="d">2020-11-17</subfield>
    <subfield code="i">5084970</subfield>
    <subfield code="l">0</subfield>
    <subfield code="o">DT515.83.J76 A3</subfield>
    <subfield code="p">2020-8489</subfield>
    <subfield code="r">2020-11-17 00:00:00</subfield>
    <subfield code="w">2020-11-17</subfield>
    <subfield code="y">BK</subfield>
  </datafield>
  <datafield tag="952" ind1=" " ind2=" ">
    <subfield code="0">0</subfield>
    <subfield code="1">0</subfield>
    <subfield code="2">lcc</subfield>
    <subfield code="4">0</subfield>
    <subfield code="7">0</subfield>
    <subfield code="a">EDO</subfield>
    <subfield code="b">MAIN</subfield>
    <subfield code="d">2020-11-17</subfield>
    <subfield code="i">5084978</subfield>
    <subfield code="l">0</subfield>
    <subfield code="o">DT515.83.J76 A3</subfield>
    <subfield code="p">2020-8491</subfield>
    <subfield code="r">2020-11-17 00:00:00</subfield>
    <subfield code="w">2020-11-17</subfield>
    <subfield code="y">BK</subfield>
  </datafield>
  <datafield tag="952" ind1=" " ind2=" ">
    <subfield code="0">0</subfield>
    <subfield code="1">0</subfield>
    <subfield code="2">lcc</subfield>
    <subfield code="4">0</subfield>
    <subfield code="7">0</subfield>
    <subfield code="a">CAL</subfield>
    <subfield code="b">MAIN</subfield>
    <subfield code="d">2020-11-17</subfield>
    <subfield code="i">5084976</subfield>
    <subfield code="l">0</subfield>
    <subfield code="o">DT515.83.J76 A3</subfield>
    <subfield code="p">2020-8493</subfield>
    <subfield code="r">2020-11-17 00:00:00</subfield>
    <subfield code="w">2020-11-17</subfield>
    <subfield code="y">BK</subfield>
  </datafield>
  <datafield tag="952" ind1=" " ind2=" ">
    <subfield code="0">0</subfield>
    <subfield code="1">0</subfield>
    <subfield code="2">lcc</subfield>
    <subfield code="4">0</subfield>
    <subfield code="7">0</subfield>
    <subfield code="a">DAM</subfield>
    <subfield code="b">MAIN</subfield>
    <subfield code="d">2020-11-17</subfield>
    <subfield code="i">5084974</subfield>
    <subfield code="l">0</subfield>
    <subfield code="o">DT515.83.J76 A3</subfield>
    <subfield code="p">2020-8495</subfield>
    <subfield code="r">2020-11-17 00:00:00</subfield>
    <subfield code="w">2020-11-17</subfield>
    <subfield code="y">BK</subfield>
  </datafield>
  <datafield tag="952" ind1=" " ind2=" ">
    <subfield code="0">0</subfield>
    <subfield code="1">0</subfield>
    <subfield code="2">lcc</subfield>
    <subfield code="4">0</subfield>
    <subfield code="7">0</subfield>
    <subfield code="a">DUT</subfield>
    <subfield code="b">MAIN</subfield>
    <subfield code="d">2020-11-17</subfield>
    <subfield code="i">5084983</subfield>
    <subfield code="l">0</subfield>
    <subfield code="o">DT515.83.J76 A3</subfield>
    <subfield code="p">2020-8497</subfield>
    <subfield code="r">2020-11-17 00:00:00</subfield>
    <subfield code="w">2020-11-17</subfield>
    <subfield code="y">BK</subfield>
  </datafield>
  <datafield tag="952" ind1=" " ind2=" ">
    <subfield code="0">0</subfield>
    <subfield code="1">0</subfield>
    <subfield code="2">lcc</subfield>
    <subfield code="4">0</subfield>
    <subfield code="7">0</subfield>
    <subfield code="a">UMU</subfield>
    <subfield code="b">MAIN</subfield>
    <subfield code="d">2020-11-17</subfield>
    <subfield code="i">5084988</subfield>
    <subfield code="l">0</subfield>
    <subfield code="o">DT515.83.J76 A3</subfield>
    <subfield code="p">2020-8498</subfield>
    <subfield code="r">2020-11-17 00:00:00</subfield>
    <subfield code="w">2020-11-17</subfield>
    <subfield code="y">BK</subfield>
  </datafield>
  <datafield tag="952" ind1=" " ind2=" ">
    <subfield code="0">0</subfield>
    <subfield code="1">0</subfield>
    <subfield code="2">lcc</subfield>
    <subfield code="4">0</subfield>
    <subfield code="7">0</subfield>
    <subfield code="a">YOL</subfield>
    <subfield code="b">MAIN</subfield>
    <subfield code="d">2020-11-17</subfield>
    <subfield code="i">5084969</subfield>
    <subfield code="l">0</subfield>
    <subfield code="o">DT515.83.J76 A3</subfield>
    <subfield code="p">2020-8503</subfield>
    <subfield code="r">2020-11-17 00:00:00</subfield>
    <subfield code="w">2020-11-17</subfield>
    <subfield code="y">BK</subfield>
  </datafield>
  <datafield tag="952" ind1=" " ind2=" ">
    <subfield code="0">0</subfield>
    <subfield code="1">0</subfield>
    <subfield code="2">lcc</subfield>
    <subfield code="4">0</subfield>
    <subfield code="7">0</subfield>
    <subfield code="a">ENU</subfield>
    <subfield code="b">MAIN</subfield>
    <subfield code="d">2020-11-17</subfield>
    <subfield code="i">5084989</subfield>
    <subfield code="l">0</subfield>
    <subfield code="o">DT515.83.J76 A3</subfield>
    <subfield code="p">2020-8504</subfield>
    <subfield code="r">2020-11-17 00:00:00</subfield>
    <subfield code="w">2020-11-17</subfield>
    <subfield code="y">BK</subfield>
  </datafield>
  <datafield tag="952" ind1=" " ind2=" ">
    <subfield code="0">0</subfield>
    <subfield code="1">0</subfield>
    <subfield code="2">lcc</subfield>
    <subfield code="4">0</subfield>
    <subfield code="7">0</subfield>
    <subfield code="a">GOM</subfield>
    <subfield code="b">MAIN</subfield>
    <subfield code="d">2020-11-17</subfield>
    <subfield code="i">5084972</subfield>
    <subfield code="l">0</subfield>
    <subfield code="o">DT515.83.J76 A3</subfield>
    <subfield code="p">2020-8505</subfield>
    <subfield code="r">2020-11-17 00:00:00</subfield>
    <subfield code="w">2020-11-17</subfield>
    <subfield code="y">BK</subfield>
  </datafield>
  <datafield tag="952" ind1=" " ind2=" ">
    <subfield code="0">0</subfield>
    <subfield code="1">0</subfield>
    <subfield code="2">lcc</subfield>
    <subfield code="4">0</subfield>
    <subfield code="7">0</subfield>
    <subfield code="a">IBA</subfield>
    <subfield code="b">MAIN</subfield>
    <subfield code="d">2020-11-17</subfield>
    <subfield code="i">5084982</subfield>
    <subfield code="l">0</subfield>
    <subfield code="o">DT515.83.J76 A3</subfield>
    <subfield code="p">2020-8506</subfield>
    <subfield code="r">2020-11-17 00:00:00</subfield>
    <subfield code="w">2020-11-17</subfield>
    <subfield code="y">BK</subfield>
  </datafield>
  <datafield tag="952" ind1=" " ind2=" ">
    <subfield code="0">0</subfield>
    <subfield code="1">0</subfield>
    <subfield code="2">lcc</subfield>
    <subfield code="4">0</subfield>
    <subfield code="7">0</subfield>
    <subfield code="a">ILO</subfield>
    <subfield code="b">MAIN</subfield>
    <subfield code="d">2020-11-17</subfield>
    <subfield code="i">5084964</subfield>
    <subfield code="l">0</subfield>
    <subfield code="o">DT515.83.J76 A3</subfield>
    <subfield code="p">2020-8507</subfield>
    <subfield code="r">2020-11-17 00:00:00</subfield>
    <subfield code="w">2020-11-17</subfield>
    <subfield code="y">BK</subfield>
  </datafield>
  <datafield tag="952" ind1=" " ind2=" ">
    <subfield code="0">0</subfield>
    <subfield code="1">0</subfield>
    <subfield code="2">lcc</subfield>
    <subfield code="4">0</subfield>
    <subfield code="7">0</subfield>
    <subfield code="a">JAL</subfield>
    <subfield code="b">MAIN</subfield>
    <subfield code="d">2020-11-17</subfield>
    <subfield code="i">5084973</subfield>
    <subfield code="l">0</subfield>
    <subfield code="o">DT515.83.J76 A3</subfield>
    <subfield code="p">2020-8508</subfield>
    <subfield code="r">2020-11-17 00:00:00</subfield>
    <subfield code="w">2020-11-17</subfield>
    <subfield code="y">BK</subfield>
  </datafield>
  <datafield tag="952" ind1=" " ind2=" ">
    <subfield code="0">0</subfield>
    <subfield code="1">0</subfield>
    <subfield code="2">lcc</subfield>
    <subfield code="4">0</subfield>
    <subfield code="7">0</subfield>
    <subfield code="a">JOS</subfield>
    <subfield code="b">MAIN</subfield>
    <subfield code="d">2020-11-17</subfield>
    <subfield code="i">5084967</subfield>
    <subfield code="l">0</subfield>
    <subfield code="o">DT515.83.J76 A3</subfield>
    <subfield code="p">2020-8510</subfield>
    <subfield code="r">2020-11-17 00:00:00</subfield>
    <subfield code="w">2020-11-17</subfield>
    <subfield code="y">BK</subfield>
  </datafield>
  <datafield tag="952" ind1=" " ind2=" ">
    <subfield code="0">0</subfield>
    <subfield code="1">0</subfield>
    <subfield code="2">lcc</subfield>
    <subfield code="4">0</subfield>
    <subfield code="7">0</subfield>
    <subfield code="a">KAD</subfield>
    <subfield code="b">MAIN</subfield>
    <subfield code="d">2020-11-17</subfield>
    <subfield code="i">5084984</subfield>
    <subfield code="l">0</subfield>
    <subfield code="o">DT515.83.J76 A3</subfield>
    <subfield code="p">2020-8513</subfield>
    <subfield code="r">2020-11-17 00:00:00</subfield>
    <subfield code="w">2020-11-17</subfield>
    <subfield code="y">BK</subfield>
  </datafield>
  <datafield tag="952" ind1=" " ind2=" ">
    <subfield code="0">0</subfield>
    <subfield code="1">0</subfield>
    <subfield code="2">lcc</subfield>
    <subfield code="4">0</subfield>
    <subfield code="7">0</subfield>
    <subfield code="a">KAN</subfield>
    <subfield code="b">MAIN</subfield>
    <subfield code="d">2020-11-17</subfield>
    <subfield code="i">5084985</subfield>
    <subfield code="l">0</subfield>
    <subfield code="o">DT515.83.J76 A3</subfield>
    <subfield code="p">2020-8518</subfield>
    <subfield code="r">2020-11-17 00:00:00</subfield>
    <subfield code="w">2020-11-17</subfield>
    <subfield code="y">BK</subfield>
  </datafield>
  <datafield tag="952" ind1=" " ind2=" ">
    <subfield code="0">0</subfield>
    <subfield code="1">0</subfield>
    <subfield code="2">lcc</subfield>
    <subfield code="4">0</subfield>
    <subfield code="7">0</subfield>
    <subfield code="a">KAT</subfield>
    <subfield code="b">MAIN</subfield>
    <subfield code="d">2020-11-17</subfield>
    <subfield code="i">5084986</subfield>
    <subfield code="l">0</subfield>
    <subfield code="o">DT515.83.J76 A3</subfield>
    <subfield code="p">2020-8523</subfield>
    <subfield code="r">2020-11-17 00:00:00</subfield>
    <subfield code="w">2020-11-17</subfield>
    <subfield code="y">BK</subfield>
  </datafield>
  <datafield tag="952" ind1=" " ind2=" ">
    <subfield code="0">0</subfield>
    <subfield code="1">0</subfield>
    <subfield code="2">lcc</subfield>
    <subfield code="4">0</subfield>
    <subfield code="7">0</subfield>
    <subfield code="a">CALIM</subfield>
    <subfield code="b">MAIN</subfield>
    <subfield code="d">2020-11-17</subfield>
    <subfield code="l">0</subfield>
    <subfield code="o">DT515.83.J76 A3</subfield>
    <subfield code="p">2020-8530</subfield>
    <subfield code="r">2020-11-17 00:00:00</subfield>
    <subfield code="w">2020-11-17</subfield>
    <subfield code="y">BK</subfield>
  </datafield>
  <datafield tag="952" ind1=" " ind2=" ">
    <subfield code="0">0</subfield>
    <subfield code="1">0</subfield>
    <subfield code="2">lcc</subfield>
    <subfield code="4">0</subfield>
    <subfield code="7">0</subfield>
    <subfield code="a">LAF</subfield>
    <subfield code="b">MAIN</subfield>
    <subfield code="d">2020-11-17</subfield>
    <subfield code="i">5084965</subfield>
    <subfield code="l">0</subfield>
    <subfield code="o">DT515.83.J76 A3</subfield>
    <subfield code="p">2020-8531</subfield>
    <subfield code="r">2020-11-17 00:00:00</subfield>
    <subfield code="w">2020-11-17</subfield>
    <subfield code="y">BK</subfield>
  </datafield>
  <datafield tag="952" ind1=" " ind2=" ">
    <subfield code="0">0</subfield>
    <subfield code="1">0</subfield>
    <subfield code="2">lcc</subfield>
    <subfield code="4">0</subfield>
    <subfield code="7">0</subfield>
    <subfield code="a">LOK</subfield>
    <subfield code="b">MAIN</subfield>
    <subfield code="d">2020-11-17</subfield>
    <subfield code="i">5084963</subfield>
    <subfield code="l">0</subfield>
    <subfield code="o">DT515.83.J76 A3</subfield>
    <subfield code="p">2020-8532</subfield>
    <subfield code="r">2020-11-17 00:00:00</subfield>
    <subfield code="w">2020-11-17</subfield>
    <subfield code="y">BK</subfield>
  </datafield>
  <datafield tag="952" ind1=" " ind2=" ">
    <subfield code="0">0</subfield>
    <subfield code="1">0</subfield>
    <subfield code="2">lcc</subfield>
    <subfield code="4">0</subfield>
    <subfield code="7">0</subfield>
    <subfield code="a">MAI</subfield>
    <subfield code="b">MAIN</subfield>
    <subfield code="d">2020-11-17</subfield>
    <subfield code="i">5084971</subfield>
    <subfield code="l">0</subfield>
    <subfield code="o">DT515.83.J76 A3</subfield>
    <subfield code="p">2020-8533</subfield>
    <subfield code="r">2020-11-17 00:00:00</subfield>
    <subfield code="w">2020-11-17</subfield>
    <subfield code="y">BK</subfield>
  </datafield>
  <datafield tag="952" ind1=" " ind2=" ">
    <subfield code="0">0</subfield>
    <subfield code="1">0</subfield>
    <subfield code="2">lcc</subfield>
    <subfield code="4">0</subfield>
    <subfield code="7">0</subfield>
    <subfield code="a">BEN</subfield>
    <subfield code="b">MAIN</subfield>
    <subfield code="d">2020-11-17</subfield>
    <subfield code="i">5084962</subfield>
    <subfield code="l">0</subfield>
    <subfield code="o">DT515.83.J76 A3</subfield>
    <subfield code="p">2020-8534</subfield>
    <subfield code="r">2020-11-17 00:00:00</subfield>
    <subfield code="w">2020-11-17</subfield>
    <subfield code="y">BK</subfield>
  </datafield>
  <datafield tag="952" ind1=" " ind2=" ">
    <subfield code="0">0</subfield>
    <subfield code="1">0</subfield>
    <subfield code="2">lcc</subfield>
    <subfield code="4">0</subfield>
    <subfield code="7">0</subfield>
    <subfield code="a">MIN</subfield>
    <subfield code="b">MAIN</subfield>
    <subfield code="d">2020-11-17</subfield>
    <subfield code="i">5084966</subfield>
    <subfield code="l">0</subfield>
    <subfield code="o">DT515.83.J76 A3</subfield>
    <subfield code="p">2020-8535</subfield>
    <subfield code="r">2020-11-17 00:00:00</subfield>
    <subfield code="w">2020-11-17</subfield>
    <subfield code="y">BK</subfield>
  </datafield>
  <datafield tag="952" ind1=" " ind2=" ">
    <subfield code="0">0</subfield>
    <subfield code="1">0</subfield>
    <subfield code="2">lcc</subfield>
    <subfield code="4">0</subfield>
    <subfield code="7">0</subfield>
    <subfield code="a">OSO</subfield>
    <subfield code="b">MAIN</subfield>
    <subfield code="d">2020-11-17</subfield>
    <subfield code="i">5084981</subfield>
    <subfield code="l">0</subfield>
    <subfield code="o">DT515.83.J76 A3</subfield>
    <subfield code="p">2020-8536</subfield>
    <subfield code="r">2020-11-17 00:00:00</subfield>
    <subfield code="w">2020-11-17</subfield>
    <subfield code="y">BK</subfield>
  </datafield>
  <datafield tag="952" ind1=" " ind2=" ">
    <subfield code="0">0</subfield>
    <subfield code="1">0</subfield>
    <subfield code="2">lcc</subfield>
    <subfield code="4">0</subfield>
    <subfield code="7">0</subfield>
    <subfield code="a">PH</subfield>
    <subfield code="b">MAIN</subfield>
    <subfield code="d">2020-11-17</subfield>
    <subfield code="i">5084977</subfield>
    <subfield code="l">0</subfield>
    <subfield code="o">DT515.83.J76 A3</subfield>
    <subfield code="p">2020-8537</subfield>
    <subfield code="r">2020-11-17 00:00:00</subfield>
    <subfield code="w">2020-11-17</subfield>
    <subfield code="y">BK</subfield>
  </datafield>
  <datafield tag="952" ind1=" " ind2=" ">
    <subfield code="0">0</subfield>
    <subfield code="1">0</subfield>
    <subfield code="2">lcc</subfield>
    <subfield code="4">0</subfield>
    <subfield code="7">0</subfield>
    <subfield code="a">SOK</subfield>
    <subfield code="b">MAIN</subfield>
    <subfield code="d">2020-11-17</subfield>
    <subfield code="i">5084987</subfield>
    <subfield code="l">0</subfield>
    <subfield code="o">DT515.83.J76 A3</subfield>
    <subfield code="p">2020-8538</subfield>
    <subfield code="r">2020-11-17 00:00:00</subfield>
    <subfield code="w">2020-11-17</subfield>
    <subfield code="y">BK</subfield>
  </datafield>
  <datafield tag="952" ind1=" " ind2=" ">
    <subfield code="0">0</subfield>
    <subfield code="1">0</subfield>
    <subfield code="2">lcc</subfield>
    <subfield code="4">0</subfield>
    <subfield code="7">0</subfield>
    <subfield code="a">YEN</subfield>
    <subfield code="b">MAIN</subfield>
    <subfield code="d">2020-11-17</subfield>
    <subfield code="i">5084975</subfield>
    <subfield code="l">0</subfield>
    <subfield code="o">DT515.83.J76 A3</subfield>
    <subfield code="p">2020-8539</subfield>
    <subfield code="r">2020-11-17 00:00:00</subfield>
    <subfield code="w">2020-11-17</subfield>
    <subfield code="y">BK</subfield>
  </datafield>
</record>
